[Event "High League 2022 women"]
[Site "Obninsk"]
[Date "2022.06.29"]
[Round "4.18"]
[White "Kirchei, Viktoriia"]
[Black "Volchkova, Alena"]
[Result "1-0"]
[LiveChessVersion "1.4.7"]
[BlackElo "1823"]
[WhiteElo "2159"]

1. e4 {[%clk 1:30:57]} c5 {[%clk 1:30:55]} 2. Nf3 {[%clk 1:31:19]} d6
{[%clk 1:31:20]} 3. Bb5+ {[%clk 1:31:33]} Nd7 {[%clk 1:29:39]} 4. d4
{[%clk 1:31:54]} cxd4 {[%clk 1:29:22]} 5. Qxd4 {[%clk 1:32:16]} a6
{[%clk 1:23:00]} 6. Bxd7+ {[%clk 1:32:27]} Bxd7 {[%clk 1:23:09]} 7. c4
{[%clk 1:32:40]} Nf6 {[%clk 1:22:18]} 8. Bg5 {[%clk 1:32:13]} e6 {[%clk 1:17:12]}
9. Nc3 {[%clk 1:31:50]} h6 {[%clk 1:12:27]} 10. Bxf6 {[%clk 1:26:55]} Qxf6
{[%clk 1:11:20]} 11. Qd3 {[%clk 1:26:15]} Be7 {[%clk 1:07:18]} 12. Rd1
{[%clk 1:20:43]} Rd8 {[%clk 0:58:54]} 13. Nd4 {[%clk 1:18:12]} O-O
{[%clk 0:54:30]} 14. O-O {[%clk 1:17:21]} Bc8 {[%clk 0:46:16]} 15. f4
{[%clk 1:15:13]} Rd7 {[%clk 0:42:41]} 16. Kh1 {[%clk 1:00:10]} Rfd8
{[%clk 0:36:14]} 17. Rf3 {[%clk 0:55:41]} Bf8 {[%clk 0:32:29]} 18. f5
{[%clk 0:54:13]} Qe5 {[%clk 0:26:42]} 19. Rdf1 {[%clk 0:52:34]} d5
{[%clk 0:22:11]} 20. exd5 {[%clk 0:44:00]} exd5 {[%clk 0:22:03]} 21. Nxd5
{[%clk 0:42:44]} Rxd5 {[%clk 0:21:59]} 22. cxd5 {[%clk 0:43:03]} Rxd5
{[%clk 0:20:22]} 23. Qc3 {[%clk 0:38:55]} Qxd4 {[%clk 0:16:28]} 24. Qxc8
{[%clk 0:39:12]} Qxb2 {[%clk 0:16:42]} 25. f6 {[%clk 0:26:53]} g6
{[%clk 0:16:27]} 26. Rc3 {[%clk 0:24:27]} Qb5 {[%clk 0:10:50]} 27. Re1
{[%clk 0:21:55]} Re5 {[%clk 0:09:12]} 28. Rg1 {[%clk 0:19:10]} Re8
{[%clk 0:09:16]} 29. Qc7 {[%clk 0:18:59]} Qd5 {[%clk 0:08:45]} 30. Qc4
{[%clk 0:11:50]} Qe5 {[%clk 0:08:50]} 31. Rf1 {[%clk 0:12:08]} Re6
{[%clk 0:07:31]} 32. Rcf3 {[%clk 0:12:00]} Rc6 {[%clk 0:07:49]} 33. Qh4
{[%clk 0:11:44]} Re6 {[%clk 0:07:42]} 34. Qf4 {[%clk 0:10:39]} Qb5
{[%clk 0:06:09]} 35. a4 {[%clk 0:09:02]} Qd5 {[%clk 0:06:01]} 36. Rc3
{[%clk 0:09:06]} Re2 {[%clk 0:05:35]} 37. Qg4 {[%clk 0:08:38]} Re6
{[%clk 0:04:34]} 38. Rc8 {[%clk 0:07:03]} Re4 {[%clk 0:03:39]} 39. Qh3
{[%clk 0:04:51]} h5 {[%clk 0:02:46]} 40. Qa3 {[%clk 0:34:39]} 1-0

[Event "High League 2022 women"]
[Site "Obninsk"]
[Date "2022.06.29"]
[Round "4.19"]
[White "Abakarova, Amina"]
[Black "Semenova, Elena"]
[Result "0-1"]
[LiveChessVersion "1.4.7"]
[BlackElo "2296"]
[WhiteElo "1825"]

1. e4 {[%clk 1:30:58]} c5 {[%clk 1:30:49]} 2. b3 {[%clk 1:31:20]} Nc6
{[%clk 1:29:09]} 3. Bb2 {[%clk 1:31:43]} Nf6 {[%clk 1:21:07]} 4. e5
{[%clk 1:30:46]} Nd5 {[%clk 1:18:48]} 5. Nf3 {[%clk 1:29:45]} e6 {[%clk 1:16:47]}
6. g3 {[%clk 1:26:23]} Be7 {[%clk 1:12:45]} 7. Bg2 {[%clk 1:26:09]} f6
{[%clk 0:55:41]} 8. O-O {[%clk 1:16:24]} O-O {[%clk 0:54:18]} 9. c4
{[%clk 1:12:04]} Ndb4 {[%clk 0:47:31]} 10. d3 {[%clk 1:09:18]} Nxe5
{[%clk 0:44:37]} 11. Nxe5 {[%clk 1:08:41]} fxe5 {[%clk 0:45:04]} 12. Bxe5
{[%clk 1:07:35]} Bf6 {[%clk 0:40:51]} 13. Bxf6 {[%clk 0:57:26]} Qxf6
{[%clk 0:40:29]} 14. Nd2 {[%clk 0:53:21]} d6 {[%clk 0:36:21]} 15. Ne4
{[%clk 0:50:53]} Qe7 {[%clk 0:36:42]} 16. f4 {[%clk 0:50:17]} Bd7
{[%clk 0:33:04]} 17. Ng5 {[%clk 0:43:16]} h6 {[%clk 0:31:26]} 18. Nf3
{[%clk 0:43:30]} Rad8 {[%clk 0:20:22]} 19. Re1 {[%clk 0:32:00]} Qf6
{[%clk 0:20:13]} 20. a3 {[%clk 0:27:29]} Nc6 {[%clk 0:20:15]} 21. Ra2
{[%clk 0:25:57]} e5 {[%clk 0:15:19]} 22. fxe5 {[%clk 0:25:18]} dxe5
{[%clk 0:15:47]} 23. Nh4 {[%clk 0:23:43]} Be6 {[%clk 0:09:55]} 24. Be4
{[%clk 0:18:50]} Bh3 {[%clk 0:05:50]} 25. Ng6 {[%clk 0:15:51]} Rf7
{[%clk 0:05:06]} 26. Qe2 {[%clk 0:14:18]} Nd4 {[%clk 0:04:59]} 27. Qf2
{[%clk 0:13:25]} Qg5 {[%clk 0:03:30]} 28. Qd2 {[%clk 0:12:00]} Qf6
{[%clk 0:02:05]} 29. Qf2 {[%clk 0:12:21]} Qd6 {[%clk 0:01:58]} 30. Qe3
{[%clk 0:11:17]} Bf5 {[%clk 0:02:06]} 31. Nh4 {[%clk 0:10:49]} Bxe4
{[%clk 0:02:33]} 32. dxe4 {[%clk 0:09:23]} Rdf8 {[%clk 0:02:53]} 33. Rd2
{[%clk 0:08:16]} Qc6 {[%clk 0:03:15]} 34. Nf5 {[%clk 0:05:45]} Rxf5
{[%clk 0:02:34]} 35. exf5 {[%clk 0:03:28]} Nf3+ {[%clk 0:03:01]} 36. Kf2
{[%clk 0:02:52]} Nxe1 {[%clk 0:01:40]} 37. Kxe1 {[%clk 0:02:48]} Qh1+
{[%clk 0:01:42]} 38. Ke2 {[%clk 0:02:50]} Rxf5 {[%clk 0:01:39]} 39. Rd8+
{[%clk 0:01:16]} Kh7 {[%clk 0:02:09]} 40. Qd3 {[%clk 0:31:03]} Qg2+
{[%clk 0:31:55]} 41. Ke3 {[%clk 0:24:29]} Qg1+ {[%clk 0:28:05]} 42. Kd2
{[%clk 0:23:28]} Qxh2+ {[%clk 0:28:18]} 43. Kc3 {[%clk 0:23:41]} e4
{[%clk 0:28:16]} 44. Qxe4 {[%clk 0:20:13]} Qxg3+ {[%clk 0:28:41]} 45. Rd3
{[%clk 0:20:12]} Qe5+ {[%clk 0:28:48]} 46. Qxe5 {[%clk 0:20:31]} Rxe5
{[%clk 0:29:17]} 47. Rd7 {[%clk 0:20:10]} Re3+ {[%clk 0:28:08]} 48. Kc2
{[%clk 0:20:27]} b6 {[%clk 0:28:25]} 49. Rxa7 {[%clk 0:20:27]} h5
{[%clk 0:28:48]} 50. Rb7 {[%clk 0:18:09]} Re6 {[%clk 0:28:59]} 51. Rd7
{[%clk 0:18:27]} h4 {[%clk 0:28:26]} 52. b4 {[%clk 0:17:04]} cxb4
{[%clk 0:23:38]} 53. axb4 {[%clk 0:17:29]} h3 {[%clk 0:22:59]} 54. Rd2
{[%clk 0:17:00]} g5 {[%clk 0:22:08]} 55. Kc3 {[%clk 0:15:22]} g4 {[%clk 0:22:22]}
56. c5 {[%clk 0:13:08]} bxc5 {[%clk 0:22:30]} 57. bxc5 {[%clk 0:13:34]} g3
{[%clk 0:22:22]} 58. Rd7+ {[%clk 0:12:13]} Kg6 {[%clk 0:22:20]} 59. Rd3
{[%clk 0:11:18]} g2 {[%clk 0:22:36]} 0-1

[Event "High League 2022 women"]
[Site "Obninsk"]
[Date "2022.06.29"]
[Round "4.21"]
[White "Pak, Polina"]
[Black "Faizutdinova, Diana"]
[Result "0-1"]
[LiveChessVersion "1.4.7"]
[BlackElo "2023"]
[WhiteElo "1677"]

1. Nf3 {[%clk 1:30:58]} Nf6 {[%clk 1:30:55]} 2. g3 {[%clk 1:31:19]} g6
{[%clk 1:31:22]} 3. Bg2 {[%clk 1:31:43]} Bg7 {[%clk 1:31:49]} 4. O-O
{[%clk 1:32:06]} O-O {[%clk 1:32:16]} 5. c4 {[%clk 1:32:28]} d6 {[%clk 1:32:10]}
6. d4 {[%clk 1:32:46]} c6 {[%clk 1:32:08]} 7. Nc3 Bf5 {[%clk 1:32:17]} 8. Ne1
{[%clk 1:32:11]} Qc8 {[%clk 1:27:06]} 9. e4 {[%clk 1:30:15]} Bh3 {[%clk 1:27:09]}
10. Bxh3 {[%clk 1:25:52]} Qxh3 {[%clk 1:27:29]} 11. f3 {[%clk 1:26:13]} Qd7
{[%clk 1:22:27]} 12. Nd3 {[%clk 1:23:17]} Na6 {[%clk 1:18:55]} 13. Be3
{[%clk 1:18:35]} Ne8 {[%clk 1:15:03]} 14. Qd2 {[%clk 1:13:09]} Nec7
{[%clk 1:13:52]} 15. Rac1 {[%clk 0:53:38]} c5 {[%clk 1:03:45]} 16. Nf2
{[%clk 0:25:20]} Rfd8 {[%clk 0:58:15]} 17. h4 {[%clk 0:16:30]} b5
{[%clk 0:48:20]} 18. Nd5 {[%clk 0:12:52]} bxc4 {[%clk 0:45:21]} 19. Rxc4
{[%clk 0:11:47]} Nxd5 {[%clk 0:42:26]} 20. exd5 {[%clk 0:12:09]} Qf5
{[%clk 0:41:31]} 21. dxc5 {[%clk 0:08:02]} dxc5 {[%clk 0:38:47]} 22. Ne4
{[%clk 0:05:07]} Qxd5 {[%clk 0:27:15]} 23. Qxd5 {[%clk 0:05:28]} Rxd5
{[%clk 0:27:41]} 24. Ra4 {[%clk 0:04:49]} f5 {[%clk 0:18:36]} 25. Rxa6
{[%clk 0:04:21]} fxe4 {[%clk 0:19:03]} 26. fxe4 {[%clk 0:04:42]} Rd3
{[%clk 0:19:07]} 27. Bxc5 {[%clk 0:01:11]} Rxg3+ 28. Kh2 Rg4 {[%clk 0:16:51]} 29.
Re6 {[%clk 0:00:45]} Rxh4+ {[%clk 0:12:12]} 30. Kg3 {[%clk 0:00:46]} Rh5
{[%clk 0:12:34]} 31. b4 {[%clk 0:00:47]} Rg5+ {[%clk 0:06:49]} 32. Kh3
{[%clk 0:00:50]} Rd8 {[%clk 0:04:23]} 33. Bxe7 {[%clk 0:00:40]} Rd3+
{[%clk 0:04:48]} 34. Kh4 {[%clk 0:00:48]} Rg2 {[%clk 0:02:01]} 35. Bf6
{[%clk 0:00:44]} h5 {[%clk 0:02:11]} 36. Rf4 {[%clk 0:00:39]} Rh2+
{[%clk 0:01:18]} 37. Kg5 {[%clk 0:00:49]} Rg3+ {[%clk 0:01:43]} 38. Rg4
{[%clk 0:00:52]} Rxg4# {[%clk 0:02:08]} 0-1

[Event "High League 2022 women"]
[Site "Obninsk"]
[Date "2022.06.29"]
[Round "4.22"]
[White "Chervyakova, Tatiana"]
[Black "Malysheva, Viktoriya"]
[Result "1-0"]
[LiveChessVersion "1.4.7"]
[BlackElo "1563"]
[WhiteElo "1641"]

1. e4 {[%clk 1:30:57]} g6 {[%clk 1:28:38]} 2. d4 {[%clk 1:31:20]} Bg7
{[%clk 1:29:03]} 3. Nc3 {[%clk 1:31:26]} d6 {[%clk 1:29:16]} 4. Be3
{[%clk 1:31:40]} c6 {[%clk 1:28:48]} 5. Qd2 {[%clk 1:31:41]} b5 {[%clk 1:28:46]}
6. O-O-O {[%clk 1:26:52]} Nd7 {[%clk 1:27:59]} 7. f3 {[%clk 1:23:16]} Nb6
{[%clk 1:19:28]} 8. g4 {[%clk 1:09:55]} Rb8 {[%clk 1:13:16]} 9. h4
{[%clk 1:05:43]} h6 {[%clk 1:10:17]} 10. Nh3 {[%clk 1:01:31]} Nc4
{[%clk 1:06:51]} 11. Bxc4 {[%clk 1:01:26]} bxc4 {[%clk 1:07:17]} 12. Qe2
{[%clk 0:48:09]} Ba6 {[%clk 0:52:08]} 13. Qd2 {[%clk 0:31:52]} Nf6
{[%clk 0:46:40]} 14. e5 {[%clk 0:25:44]} dxe5 {[%clk 0:29:16]} 15. dxe5
{[%clk 0:26:02]} Nd5 {[%clk 0:29:22]} 16. Nxd5 {[%clk 0:22:06]} cxd5
{[%clk 0:29:30]} 17. Bxa7 {[%clk 0:20:39]} Ra8 {[%clk 0:16:32]} 18. Bd4
{[%clk 0:19:56]} e6 {[%clk 0:16:46]} 19. h5 {[%clk 0:18:05]} gxh5
{[%clk 0:15:10]} 20. gxh5 {[%clk 0:18:24]} Bb5 {[%clk 0:15:01]} 21. a3
{[%clk 0:16:34]} Bf8 {[%clk 0:12:16]} 22. Qe3 {[%clk 0:14:35]} Qc7
{[%clk 0:11:23]} 23. f4 {[%clk 0:12:35]} Kd7 {[%clk 0:08:23]} 24. f5
{[%clk 0:11:54]} Be7 {[%clk 0:07:32]} 25. f6 {[%clk 0:11:46]} Bd8
{[%clk 0:05:15]} 26. Rhg1 {[%clk 0:11:50]} Kc6 {[%clk 0:05:01]} 27. Rg7
{[%clk 0:11:33]} Qb7 {[%clk 0:03:46]} 28. Nf4 {[%clk 0:11:16]} Re8
{[%clk 0:03:02]} 29. Ne2 {[%clk 0:10:37]} Ba5 {[%clk 0:01:10]} 30. Bc3
{[%clk 0:06:11]} Bxc3 {[%clk 0:01:10]} 31. Qxc3 {[%clk 0:06:27]} Ra7
{[%clk 0:00:49]} 32. Nd4+ {[%clk 0:05:58]} Kb6 {[%clk 0:01:05]} 33. Qb4
{[%clk 0:05:40]} Qd7 {[%clk 0:01:14]} 34. Rxf7 {[%clk 0:02:14]} Qxf7
{[%clk 0:00:52]} 35. Nxb5 {[%clk 0:02:39]} Qd7 {[%clk 0:00:38]} 36. Nxa7+
{[%clk 0:02:53]} Kxa7 {[%clk 0:00:54]} 37. Rg1 {[%clk 0:03:13]} Ka8
{[%clk 0:00:36]} 38. Rg7 {[%clk 0:03:22]} Qc6 {[%clk 0:00:50]} 39. f7
{[%clk 0:03:40]} Rd8 {[%clk 0:00:36]} 40. f8=Q {[%clk 0:33:58]} 1-0

[Event "High League 2022 women"]
[Site "Obninsk"]
[Date "2022.06.30"]
[Round "5.1"]
[White "Bivol, Alina"]
[Black "Goltseva, Ekaterina"]
[Result "1-0"]
[LiveChessVersion "1.4.7"]
[BlackElo "2284"]
[WhiteElo "2364"]

1. e4 {[%clk 1:30:38]} e5 {[%clk 1:30:42]} 2. Nf3 {[%clk 1:31:00]} Nc6
{[%clk 1:31:08]} 3. Bb5 {[%clk 1:30:20]} a6 {[%clk 1:31:19]} 4. Ba4
{[%clk 1:30:38]} Nf6 {[%clk 1:31:34]} 5. O-O {[%clk 1:29:02]} Be7
{[%clk 1:31:52]} 6. d3 {[%clk 1:28:46]} b5 {[%clk 1:31:44]} 7. Bb3
{[%clk 1:29:09]} d6 {[%clk 1:31:28]} 8. a4 {[%clk 1:28:34]} Bd7 {[%clk 1:30:59]}
9. c3 {[%clk 1:27:47]} Na5 {[%clk 1:30:44]} 10. Bc2 {[%clk 1:25:29]} c5
{[%clk 1:30:42]} 11. d4 {[%clk 1:25:18]} Qb8 {[%clk 1:19:44]} 12. Bg5
{[%clk 1:21:57]} h6 {[%clk 1:12:39]} 13. Bxf6 {[%clk 1:21:03]} Bxf6
{[%clk 1:12:47]} 14. axb5 {[%clk 1:15:52]} axb5 {[%clk 1:03:10]} 15. dxc5
{[%clk 1:15:03]} dxc5 {[%clk 1:03:26]} 16. Qd5 {[%clk 1:12:29]} Ra6
{[%clk 1:01:28]} 17. Rd1 {[%clk 0:47:46]} Be6 {[%clk 0:39:39]} 18. Qxc5
{[%clk 0:43:56]} Nb3 {[%clk 0:39:28]} 19. Bxb3 {[%clk 0:44:21]} Rxa1
{[%clk 0:39:51]} 20. Qc6+ {[%clk 0:44:47]} Kf8 {[%clk 0:37:49]} 21. Bxe6
{[%clk 0:45:06]} fxe6 {[%clk 0:38:09]} 22. Qxe6 {[%clk 0:44:53]} Qe8
{[%clk 0:34:32]} 23. Qd5 {[%clk 0:41:08]} g6 {[%clk 0:29:14]} 24. h3
{[%clk 0:38:52]} Rh7 {[%clk 0:27:39]} 25. Qd6+ {[%clk 0:37:14]} Qe7
{[%clk 0:15:11]} 26. Qb8+ {[%clk 0:36:59]} Qe8 {[%clk 0:15:21]} 27. Qd6+
{[%clk 0:36:14]} Qe7 {[%clk 0:14:45]} 28. Qb6 {[%clk 0:34:37]} b4
{[%clk 0:14:20]} 29. cxb4 {[%clk 0:33:43]} Rf7 {[%clk 0:13:08]} 30. Nc3
{[%clk 0:26:46]} Rxd1+ {[%clk 0:13:29]} 31. Nxd1 {[%clk 0:27:15]} Qb7
{[%clk 0:10:24]} 32. Qc5+ {[%clk 0:25:21]} Be7 {[%clk 0:03:26]} 33. Qxe5
{[%clk 0:25:11]} Bf6 {[%clk 0:03:38]} 34. Qc5+ {[%clk 0:24:00]} Kg7
{[%clk 0:03:54]} 35. Nc3 {[%clk 0:23:25]} Rc7 {[%clk 0:03:56]} 36. Qe3
{[%clk 0:23:37]} Bxc3 {[%clk 0:03:44]} 37. bxc3 {[%clk 0:24:00]} Rc4
{[%clk 0:03:06]} 38. Nd4 {[%clk 0:21:45]} Qc8 {[%clk 0:03:24]} 39. Qf3
{[%clk 0:18:25]} h5 {[%clk 0:01:32]} 40. e5 {[%clk 0:48:04]} Rxc3
{[%clk 0:31:07]} 41. Ne6+ {[%clk 0:47:22]} Kg8 {[%clk 0:31:21]} 42. Qf6
{[%clk 0:47:41]} 1-0

[Event "High League 2022 women"]
[Site "Obninsk"]
[Date "2022.06.30"]
[Round "5.2"]
[White "Girya, Olga"]
[Black "Kovanova, Baira"]
[Result "1/2-1/2"]
[LiveChessVersion "1.4.7"]
[BlackElo "2317"]
[WhiteElo "2407"]

1. d4 {[%clk 1:25:59]} Nf6 {[%clk 1:30:53]} 2. c4 {[%clk 1:26:15]} e6
{[%clk 1:31:19]} 3. Nf3 {[%clk 1:26:37]} b6 {[%clk 1:31:16]} 4. g3
{[%clk 1:26:54]} Bb7 {[%clk 1:30:24]} 5. Bg2 {[%clk 1:27:18]} Bb4+
{[%clk 1:30:49]} 6. Bd2 {[%clk 1:27:38]} c5 {[%clk 1:31:13]} 7. Bxb4
{[%clk 1:27:28]} cxb4 {[%clk 1:31:41]} 8. O-O {[%clk 1:27:43]} O-O
{[%clk 1:32:01]} 9. Qd3 {[%clk 1:27:37]} d6 {[%clk 1:32:21]} 10. Rd1 a5
{[%clk 1:31:19]} 11. Nbd2 {[%clk 1:24:20]} Qc7 {[%clk 1:29:54]} 12. Ne1
{[%clk 0:58:49]} Re8 {[%clk 1:24:01]} 13. Nc2 {[%clk 0:50:21]} Bxg2
{[%clk 1:21:48]} 14. Kxg2 {[%clk 0:50:49]} e5 {[%clk 1:13:01]} 15. e4
{[%clk 0:50:20]} Nc6 {[%clk 1:03:34]} 16. d5 {[%clk 0:50:24]} Nb8
{[%clk 1:01:40]} 17. Qf3 {[%clk 0:34:22]} Nbd7 {[%clk 0:57:41]} 18. a3
{[%clk 0:31:25]} bxa3 {[%clk 0:54:52]} 19. Nxa3 {[%clk 0:31:50]} Nc5
{[%clk 0:53:38]} 20. Nb5 {[%clk 0:32:08]} Qe7 {[%clk 0:53:20]} 21. Ra3
{[%clk 0:32:12]} Rec8 {[%clk 0:49:54]} 22. Rda1 {[%clk 0:31:35]} Na6
{[%clk 0:45:53]} 23. Qe3 {[%clk 0:31:16]} Nd7 {[%clk 0:45:15]} 24. h4 Nb4
{[%clk 0:41:56]} 25. Rc3 {[%clk 0:29:49]} Nc5 {[%clk 0:39:36]} 26. h5
{[%clk 0:28:44]} Rf8 {[%clk 0:37:44]} 27. g4 {[%clk 0:20:36]} g6 {[%clk 0:29:26]}
28. Rh1 {[%clk 0:20:06]} Rad8 {[%clk 0:23:08]} 29. Nf1 {[%clk 0:17:28]} Qf6
{[%clk 0:22:03]} 30. Ng3 {[%clk 0:17:37]} Na4 {[%clk 0:19:09]} 31. Rb3
{[%clk 0:15:23]} Nc5 {[%clk 0:18:28]} 32. Rc3 {[%clk 0:15:48]} Na4
{[%clk 0:18:39]} 33. Rb3 {[%clk 0:03:57]} Nc5 {[%clk 0:17:19]} 34. Rc3
{[%clk 0:04:09]} 1/2-1/2

[Event "High League 2022 women"]
[Site "Obninsk"]
[Date "2022.06.30"]
[Round "5.3"]
[White "Bodnaruk, Anastasia"]
[Black "Filippova, Margarita"]
[Result "1-0"]
[LiveChessVersion "1.4.7"]
[BlackElo "1955"]
[WhiteElo "2390"]

1. e4 {[%clk 1:30:57]} g6 {[%clk 1:30:56]} 2. d4 {[%clk 1:30:56]} Bg7
{[%clk 1:31:22]} 3. Nc3 {[%clk 1:30:56]} d6 {[%clk 1:31:46]} 4. Be3
{[%clk 1:29:20]} a6 {[%clk 1:31:52]} 5. Qd2 {[%clk 1:28:02]} b5 {[%clk 1:30:39]}
6. h4 {[%clk 1:26:55]} h5 {[%clk 1:28:31]} 7. O-O-O {[%clk 1:22:49]} Nd7
{[%clk 1:26:36]} 8. Nh3 {[%clk 1:12:59]} Bb7 {[%clk 1:23:16]} 9. Ng5
{[%clk 1:05:58]} Rc8 {[%clk 1:19:06]} 10. e5 {[%clk 0:57:18]} e6 {[%clk 1:13:18]}
11. d5 {[%clk 0:54:06]} Bxe5 {[%clk 1:07:42]} 12. dxe6 {[%clk 0:50:37]} fxe6
{[%clk 1:08:06]} 13. f4 {[%clk 0:39:17]} Bxc3 {[%clk 1:07:03]} 14. Qxc3
{[%clk 0:29:04]} Qf6 {[%clk 1:06:21]} 15. Qd2 {[%clk 0:26:19]} Ne7
{[%clk 1:00:34]} 16. Bd4 {[%clk 0:25:06]} e5 {[%clk 1:00:30]} 17. Bxe5
{[%clk 0:22:12]} Nxe5 {[%clk 0:49:58]} 18. fxe5 {[%clk 0:22:38]} dxe5
{[%clk 0:48:22]} 19. Qd7+ {[%clk 0:17:15]} Kf8 {[%clk 0:48:48]} 20. Bd3
{[%clk 0:16:42]} Bc6 {[%clk 0:43:15]} 21. Qh3 {[%clk 0:16:27]} Qf4+
{[%clk 0:36:17]} 22. Kb1 {[%clk 0:16:47]} Qg4 {[%clk 0:36:39]} 23. Qe3
{[%clk 0:15:47]} e4 {[%clk 0:32:45]} 24. Be2 1-0

[Event "High League 2022 women"]
[Site "Obninsk"]
[Date "2022.06.30"]
[Round "5.4"]
[White "Charochkina, Daria"]
[Black "Guseva, Marina"]
[Result "1/2-1/2"]
[LiveChessVersion "1.4.7"]
[BlackElo "2377"]
[WhiteElo "2335"]

1. e4 {[%clk 1:30:57]} c6 {[%clk 1:30:56]} 2. d4 {[%clk 1:31:22]} d5
{[%clk 1:31:23]} 3. e5 {[%clk 1:31:45]} Bf5 {[%clk 1:31:49]} 4. g4
{[%clk 1:32:07]} Be4 {[%clk 1:28:43]} 5. f3 {[%clk 1:32:28]} Bg6 {[%clk 1:29:09]}
6. e6 {[%clk 1:32:44]} Qd6 {[%clk 1:29:36]} 7. exf7+ {[%clk 1:32:50]} Bxf7
{[%clk 1:30:02]} 8. Nc3 {[%clk 1:33:07]} Nd7 {[%clk 1:30:26]} 9. f4
{[%clk 1:32:04]} h5 {[%clk 1:21:24]} 10. g5 {[%clk 1:31:24]} e6 {[%clk 1:21:48]}
11. Nf3 {[%clk 1:27:03]} Ne7 {[%clk 1:22:09]} 12. Ne5 {[%clk 1:16:41]} Nxe5
{[%clk 1:14:04]} 13. fxe5 {[%clk 1:15:39]} Qd7 {[%clk 1:13:44]} 14. Ne2
{[%clk 1:04:31]} Bg6 {[%clk 1:13:07]} 15. Nf4 {[%clk 0:56:39]} Be4
{[%clk 1:05:35]} 16. Rg1 {[%clk 0:57:01]} O-O-O {[%clk 0:53:19]} 17. Be3
{[%clk 0:44:29]} g6 {[%clk 0:40:17]} 18. Bd3 {[%clk 0:42:23]} Bxd3
{[%clk 0:39:33]} 19. Qxd3 {[%clk 0:42:12]} Rg8 {[%clk 0:39:59]} 20. O-O-O
{[%clk 0:38:37]} Nf5 {[%clk 0:40:22]} 21. Kb1 {[%clk 0:38:25]} Be7
{[%clk 0:37:48]} 22. Bc1 {[%clk 0:36:45]} Rdf8 {[%clk 0:37:23]} 23. c4
{[%clk 0:35:09]} Kd8 {[%clk 0:37:05]} 24. Qb3 {[%clk 0:31:19]} Ke8
{[%clk 0:37:04]} 25. Qd3 {[%clk 0:31:06]} Kf7 {[%clk 0:36:07]} 26. Rg2
{[%clk 0:30:20]} Rc8 {[%clk 0:34:34]} 27. a3 {[%clk 0:26:22]} b6 {[%clk 0:28:10]}
28. Ne2 {[%clk 0:19:46]} dxc4 {[%clk 0:27:41]} 29. Qxc4 {[%clk 0:13:56]} Qd5
{[%clk 0:28:07]} 30. Qxd5 {[%clk 0:14:21]} cxd5 {[%clk 0:28:31]} 31. b3
{[%clk 0:14:29]} Rc7 {[%clk 0:28:19]} 32. Bb2 {[%clk 0:14:47]} Ke8
{[%clk 0:16:01]} 33. Rc1 {[%clk 0:13:15]} Rxc1+ {[%clk 0:16:09]} 34. Bxc1
{[%clk 0:13:42]} Rf8 {[%clk 0:14:41]} 35. Rf2 {[%clk 0:12:53]} Nh4
{[%clk 0:14:54]} 36. Rxf8+ {[%clk 0:13:04]} Kxf8 {[%clk 0:15:19]} 37. Ng1
{[%clk 0:13:23]} Nf5 {[%clk 0:10:32]} 1/2-1/2

[Event "High League 2022 women"]
[Site "Obninsk"]
[Date "2022.06.30"]
[Round "5.5"]
[White "Voit, Daria"]
[Black "Kovalevskaya, Ekaterina"]
[Result "1-0"]
[LiveChessVersion "1.4.7"]
[BlackElo "2364"]
[WhiteElo "2317"]

1. d4 {[%clk 1:25:51]} d5 {[%clk 1:30:45]} 2. c4 {[%clk 1:26:17]} e6
{[%clk 1:31:05]} 3. Nf3 {[%clk 1:26:35]} c5 {[%clk 1:31:11]} 4. cxd5
{[%clk 1:26:41]} exd5 {[%clk 1:31:37]} 5. Bg5 {[%clk 1:26:59]} Nf6
{[%clk 1:20:58]} 6. Bxf6 {[%clk 1:26:59]} Qxf6 {[%clk 1:21:15]} 7. Nc3
{[%clk 1:27:23]} Qd8 {[%clk 0:58:50]} 8. dxc5 {[%clk 1:21:53]} Bxc5
{[%clk 0:47:46]} 9. Qxd5 {[%clk 1:09:08]} Qe7 {[%clk 0:27:35]} 10. e3
{[%clk 1:04:44]} O-O {[%clk 0:27:26]} 11. Bd3 {[%clk 1:03:28]} Nd7
{[%clk 0:24:26]} 12. Qe4 {[%clk 0:56:36]} Qxe4 {[%clk 0:22:24]} 13. Nxe4
{[%clk 0:56:48]} Be7 {[%clk 0:22:08]} 14. O-O {[%clk 0:54:13]} Nb6
{[%clk 0:17:54]} 15. Nd4 {[%clk 0:48:22]} f5 {[%clk 0:08:46]} 16. Nc3
{[%clk 0:47:32]} f4 {[%clk 0:08:53]} 17. exf4 {[%clk 0:38:49]} Rxf4
{[%clk 0:08:23]} 18. Be4 {[%clk 0:38:40]} Bc5 {[%clk 0:03:06]} 19. Nb3
{[%clk 0:38:23]} Bb4 {[%clk 0:03:21]} 20. f3 {[%clk 0:38:25]} Be6
{[%clk 0:01:48]} 21. Bxb7 {[%clk 0:36:55]} Rd8 {[%clk 0:02:01]} 22. Rfd1
{[%clk 0:31:18]} Rxd1+ {[%clk 0:02:03]} 23. Rxd1 {[%clk 0:31:46]} Bxc3
{[%clk 0:00:38]} 24. bxc3 {[%clk 0:32:05]} Rc4 {[%clk 0:01:06]} 25. Nd4
{[%clk 0:31:31]} Bd7 {[%clk 0:01:11]} 26. Ne2 {[%clk 0:31:26]} Ra4
{[%clk 0:01:26]} 27. Rxd7 {[%clk 0:28:06]} Nxd7 {[%clk 0:01:54]} 28. Bc6
{[%clk 0:28:26]} Ra6 {[%clk 0:02:14]} 29. Bxd7 {[%clk 0:28:47]} Kf8
{[%clk 0:02:37]} 30. a4 {[%clk 0:28:40]} Rb6 {[%clk 0:02:18]} 31. Kf2
{[%clk 0:27:47]} Ke7 {[%clk 0:02:36]} 32. Bf5 {[%clk 0:23:16]} g6
{[%clk 0:03:00]} 33. Bd3 {[%clk 0:23:39]} Kd6 {[%clk 0:02:38]} 34. a5
{[%clk 0:23:45]} Rb3 {[%clk 0:02:50]} 35. a6 {[%clk 0:24:11]} Kc5
{[%clk 0:03:16]} 36. Be4 {[%clk 0:23:49]} Rb6 {[%clk 0:03:05]} 37. Bb7
{[%clk 0:23:17]} Kc4 {[%clk 0:02:12]} 38. Nd4 {[%clk 0:23:28]} Rb2+
{[%clk 0:02:30]} 39. Ke3 {[%clk 0:16:11]} Kc5 {[%clk 0:02:16]} 40. f4
{[%clk 0:46:35]} Rb1 {[%clk 0:32:13]} 41. Nc6 {[%clk 0:44:24]} Kb6
{[%clk 0:32:31]} 42. c4 {[%clk 0:44:40]} Rc1 {[%clk 0:29:02]} 43. Kd4
{[%clk 0:44:47]} Rd1+ {[%clk 0:29:23]} 44. Ke5 {[%clk 0:45:13]} Rc1
{[%clk 0:28:56]} 45. Kd5 {[%clk 0:45:35]} Rc2 {[%clk 0:26:45]} 46. g4
{[%clk 0:45:22]} Rxh2 {[%clk 0:18:13]} 47. c5+ {[%clk 0:45:32]} Kc7
{[%clk 0:18:38]} 48. Nxa7 {[%clk 0:45:52]} Rb2 {[%clk 0:18:50]} 49. Kc4
{[%clk 0:44:31]} Rc2+ {[%clk 0:17:57]} 50. Kb4 {[%clk 0:44:50]} Rb2+
{[%clk 0:17:50]} 51. Kc3 {[%clk 0:45:09]} Rb1 {[%clk 0:16:54]} 52. Be4
{[%clk 0:45:27]} Rc1+ {[%clk 0:16:10]} 53. Kb4 {[%clk 0:45:13]} Re1
{[%clk 0:16:01]} 54. Nb5+ {[%clk 0:45:39]} Kd7 {[%clk 0:16:23]} 55. Bb7
{[%clk 0:45:54]} Rb1+ {[%clk 0:15:14]} 56. Ka5 {[%clk 0:45:36]} 1-0